01370nam a2200253Ia 450000500170000000800410001702000340005808200180009210000370011024502010014725000180034830000470036650000210041350503170043450501250075165000550087694200120093126400350094333600270097833700330100533800280103804000350106699900150110120220317000456.0160315s2008 pe g 000 0 spa  a9789942015846 (obra completa)04a621.436bM67m1 aMoreno Sánchez, Gabriel Felipe10aMotores dieselbmanual de mantenimiento y reparacióncGabriel Felipe Moreno Sánchez, Luis Gabriel Castro Moreno ; ilustraciones Daniel Andrés Becerra Mateus, Ricardo Hérnan Ramírez Gallo a1a. edición a3 volúmenesbilustracionesc29 cme1 DVD aIncluye glosario avolumen.1 Funcionamiento de los motores diesel. -- volumen2 Diferencias mecánicas entre el motor diesel y el motor de gasolina -- Sensores -- Lubricación del motor sistemas alternos del motor diesel -- volumen.3 Mantenimiento y reparición de los motores diesel -- Análisis de fallas en los motores diesel aEl DVD contiene : Funcionamiento de los motores diesel, detección de fallas en motores diesel y glosario de términos142LEMBaMotores dieselxMantenimiento y reparación 2ddccBK a[Lima]bDiseli Editoiresc2008 atextobtxt2rdacontent asin mediaciónbn2rdamedia avolumenbnc2rdacarrier aCO-BoRNBPbspaerdacCO-BoRNBP c4153d4153